| 000 | 00000cam 2200000zi 4500 |
| 001 | 9.961405 |
| 003 | CaOODSP |
| 005 | 20260515144431 |
| 006 | m o d f |
| 007 | cr cn |||||||| |
| 008 | 260327e202604 oncabd ob f000 0 eng d |
| 020 | |a9780660992761 |
| 040 | |aCaOODSP|beng|erda|cCaOODSP |
| 043 | |an-cn--- |
| 086 | 1 |aFs70-5/2026-033E-PDF |
| 100 | 1 |aChamberland, Jean-Martin, |eauthor. |
| 245 | 10|aGulf of St. Lawrence (4RST) Greenland halibut stock status in 2024 / |cJean-Martin Chamberland, Laurie Isabel, and Hugues Benoît. |
| 264 | 1|aOttawa ON : |bCanadian Science Advisory Secretariat (CSAS), |cApril 2026. |
| 264 | 4|c©2026 |
| 300 | |a1 online resource (v, 141 pages) : |billustrations, maps, graphs. |
| 336 | |atext|btxt|2rdacontent |
| 337 | |acomputer|bc|2rdamedia |
| 338 | |aonline resource|bcr|2rdacarrier |
| 490 | 1 |aResearch document, |x1919-5044 ; |v2026/033 |
| 500 | |aIssued also in French under title: L'état du stock de flétan du Groenland du golfe du Saint-Laurent (4RST) en 2024. |
| 504 | |aIncludes bibliographical references (pages 31-36). |
| 650 | 0|aGreenland halibut|zSaint Lawrence, Gulf of. |
| 650 | 0|aGreenland halibut fisheries|zSaint Lawrence, Gulf of. |
| 650 | 0|aFish stock assessment|zSaint Lawrence, Gulf of. |
| 710 | 1 |aCanada. |bDepartment of Fisheries and Oceans. |bQuebec Region, |eissuing body. |
| 710 | 2 |aCanadian Science Advisory Secretariat, |eissuing body. |
| 775 | 08|tL'état du stock de flétan du Groenland du golfe du Saint-Laurent (4RST) en 2024 / |w(CaOODSP)9.961404 |
| 830 | #0|aResearch document (Canadian Science Advisory Secretariat)|v2026/033.|w(CaOODSP)9.507396 |
| 856 | 40|qPDF|s14.3 MB|uhttps://publications.gc.ca/collections/collection_2026/mpo-dfo/fs70-5/Fs70-5-2026-033-eng.pdf |